000
00334cam a2200145ua 4500
041
_a
hin
_h
082
_a
891.43
_b
BAC/BA
100
_a
Bachan, .
245
_a
Bangal ka kal /
_c
Bachan.
_h
Textual Documents
260
_a
:
_b
Rajapal yada sangei ,
_c
1963.
300
_a
85 ; .
504
_a
942
_c
BK
999
_c
11962
_d
11962